Suplemento al informe de la consulta técnica sobre utilización y mercadeo de pescado en América Latina : Santiago, Chile, 1-5 de diciembre de 1986 /
Guardado en:
| Autor Corporativo: | |
|---|---|
| Formato: | Libro |
| Idioma: | Spanish |
| Publicado: |
Roma :
FAO,
1989.
|
| Series: | FIIU/R421
|
| Materias: | |
| Etiquetas: |
Agregar Etiqueta
Sin Etiquetas, Sea el primero en etiquetar este registro!
|
| LEADER | 01000nam a22002175a 4500 | ||
|---|---|---|---|
| 001 | EIQ.libpla001254 | ||
| 008 | 060828s1989####it#a#####b####000#0#spa#d | ||
| 005 | 20060828185912.0 | ||
| 245 | 1 | 0 | |a Suplemento al informe de la consulta técnica sobre utilización y mercadeo de pescado en América Latina : |b Santiago, Chile, 1-5 de diciembre de 1986 / |c Organización de las Naciones Unidas para la Agricultura y la Alimentación (FAO). |
| 260 | |a Roma : |b FAO, |c 1989. | ||
| 300 | |a 219 p. : |b il. ; |c 28 cm. | ||
| 490 | 1 | |a FAO informe de pesca ; |v Nº 421 | |
| 500 | |a "Trabajos seleccionados presentados a la consulta". | ||
| 504 | |a Incluye referencias bibliográficas. | ||
| 020 | |a 9253032545 | ||
| 710 | 2 | |a Organización de las Naciones Unidas para la Agricultura y la Alimentación (FAO). | |
| 830 | 0 | |a FIIU/R421 |k (Supl.) | |
| 650 | 4 | |a Productos pesqueros |x Tecnología. | |
| 650 | 4 | |a Productos pesqueros |z América Latina. | |
| 040 | |a AR-BbSID |b spa |c AR-BbSID | ||
| 859 | |a AR-BbSID |b BIB. PLAPIQUI |h 621.39 |i F 11 |p 4514 | ||
